| 000 | 00503nam a22001817a 4500 | ||
|---|---|---|---|
| 003 | CEME | ||
| 005 | 20210628203424.0 | ||
| 008 | 210114b xxu||||| |||| 00| 0 eng d | ||
| 020 | _a1-4018-3530-9 | ||
| 040 | _c. | ||
| 082 | _a005.276 MOH | ||
| 100 |
_aMohler, James L _965348 |
||
| 245 | _aFlash mx 2004, graphics, animation and interactivity | ||
| 260 |
_aCANADA _bTHOMAS _c2004 |
||
| 300 | _aXXII, 572P | ||
| 650 |
_aFLASH MX 2004-GRAPHICS, ANIMATION AND INTERACTIVITY _965349 |
||
| 942 |
_cBK _2ddc |
||
| 999 |
_c573590 _d573590 |
||